[Event "Chessable Masters - Torneo preliminare"]
[White "Le, Tuan Minh"]
[Black "Mekhitarian, Krikor Sevag"]
[WhiteFideId "12401153"]
[BlackFideId "2107660"]
[WhiteElo "2489"]
[BlackElo "2594"]
[Result "1-0"]
[Round "1"]
[TimeControl "600+2"]
[Date "2023.03.13"]
[WhiteClock "0:03:08"]
[BlackClock "0:01:49"]

1. d4 {[%clk 0:09:52]}  Nf6 {[%clk 0:10:00]} 2. Nf3 {[%clk 0:09:51]}  d5 {[%clk 0:10:00]} 3. Bg5 {[%clk 0:09:52]}  Ne4 {[%clk 0:09:58]} 4. Bf4 {[%clk 0:09:53]}  c5 {[%clk 0:09:59]} 5. c3 {[%clk 0:09:54]}  Qb6 {[%clk 0:09:58]} 6. Qb3 {[%clk 0:09:46]}  c4 {[%clk 0:09:46]} 7. Qxb6 {[%clk 0:09:43]}  axb6 {[%clk 0:09:48]} 8. Nbd2 {[%clk 0:09:45]}  Nxd2 {[%clk 0:09:11]} 9. Nxd2 {[%clk 0:09:47]}  b5 {[%clk 0:09:07]} 10. e4 {[%clk 0:09:44]}  e6 {[%clk 0:09:03]} 11. g3 {[%clk 0:09:32]}  Bd7 {[%clk 0:07:12]} 12. exd5 {[%clk 0:08:27]}  exd5 {[%clk 0:07:12]} 13. Bg2 {[%clk 0:08:29]}  Be6 {[%clk 0:07:04]} 14. O-O {[%clk 0:08:25]}  Nc6 {[%clk 0:05:02]} 15. Rfe1 {[%clk 0:05:45]}  Kd7 {[%clk 0:04:59]} 16. a4 {[%clk 0:05:45]}  Rxa4 {[%clk 0:03:18]} 17. Rxa4 {[%clk 0:05:43]}  bxa4 {[%clk 0:03:20]} 18. Nxc4 {[%clk 0:05:44]}  dxc4 {[%clk 0:03:21]} 19. d5 {[%clk 0:05:46]}  Bc5 {[%clk 0:03:18]} 20. Rd1 {[%clk 0:05:09]}  Ke7 {[%clk 0:03:08]} 21. dxe6 {[%clk 0:03:38]}  fxe6 {[%clk 0:03:07]} 22. Bg5+ {[%clk 0:03:28]}  Kf7 {[%clk 0:02:56]} 23. Rd7+ {[%clk 0:03:28]}  Kg6 {[%clk 0:02:57]} 24. h4 {[%clk 0:03:15]}  Rf8 {[%clk 0:02:39]} 25. Be4+ {[%clk 0:03:16]}  Kh5 {[%clk 0:02:40]} 26. Rxg7 {[%clk 0:03:17]}  Ne5 {[%clk 0:02:00]} 27. Bf4 {[%clk 0:03:08]}  Ng6 {[%clk 0:01:49]} 28. Bf3# {[%clk 0:03:08]} 1-0


[Site "Internet"]

[Event "Chessable Masters - Torneo preliminare"]
[White "Volkov, Sergey"]
[Black "Martinez Alcantara, Jose Eduardo"]
[WhiteFideId "4122763"]
[BlackFideId "3805662"]
[WhiteElo "2496"]
[BlackElo "2643"]
[Result "0-1"]
[Round "1"]
[TimeControl "600+2"]
[Date "2023.03.13"]
[WhiteClock "0:00:39"]
[BlackClock "0:00:17"]

1. d4 {[%clk 0:09:48]}  Nf6 {[%clk 0:10:00]} 2. c4 {[%clk 0:09:48]}  e6 {[%clk 0:09:55]} 3. Nc3 {[%clk 0:09:48]}  Bb4 {[%clk 0:09:55]} 4. f3 {[%clk 0:09:48]}  c5 {[%clk 0:09:54]} 5. d5 {[%clk 0:09:24]}  d6 {[%clk 0:09:48]} 6. e4 {[%clk 0:09:14]}  O-O {[%clk 0:09:49]} 7. Ne2 {[%clk 0:09:14]}  b5 {[%clk 0:09:49]} 8. Nf4 {[%clk 0:09:15]}  e5 {[%clk 0:09:50]} 9. Ne2 {[%clk 0:09:08]}  bxc4 {[%clk 0:09:51]} 10. Ng3 {[%clk 0:09:08]}  Ba6 {[%clk 0:08:52]} 11. Be2 {[%clk 0:09:05]}  Re8 {[%clk 0:08:44]} 12. O-O {[%clk 0:09:05]}  Nbd7 {[%clk 0:08:32]} 13. Nf5 {[%clk 0:09:02]}  Nf8 {[%clk 0:08:27]} 14. Ne3 {[%clk 0:08:45]}  Ng6 {[%clk 0:08:20]} 15. Bxc4 {[%clk 0:08:43]}  Bc8 {[%clk 0:08:02]} 16. Ne2 {[%clk 0:07:34]}  Bd7 {[%clk 0:07:55]} 17. Ng3 {[%clk 0:07:27]}  Nh4 {[%clk 0:07:11]} 18. Nc2 {[%clk 0:07:26]}  h6 {[%clk 0:07:07]} 19. Nxb4 {[%clk 0:07:19]}  cxb4 {[%clk 0:07:09]} 20. Be3 {[%clk 0:07:20]}  Qb8 {[%clk 0:06:50]} 21. Qd3 {[%clk 0:07:14]}  Ng6 {[%clk 0:06:43]} 22. Qd2 {[%clk 0:07:10]}  a5 {[%clk 0:06:31]} 23. a3 {[%clk 0:07:10]}  Rc8 {[%clk 0:06:32]} 24. Rfc1 {[%clk 0:07:09]}  Qb7 {[%clk 0:06:22]} 25. axb4 {[%clk 0:07:07]}  axb4 {[%clk 0:06:23]} 26. Rxa8 {[%clk 0:07:07]}  Rxa8 {[%clk 0:06:25]} 27. Bb3 {[%clk 0:07:01]}  h5 {[%clk 0:05:23]} 28. h3 {[%clk 0:06:48]}  h4 {[%clk 0:05:22]} 29. Ne2 {[%clk 0:06:48]}  Nh5 {[%clk 0:05:18]} 30. Kh2 {[%clk 0:06:47]}  Qa6 {[%clk 0:04:47]} 31. Bc4 {[%clk 0:06:21]}  Qb7 {[%clk 0:04:41]} 32. Bb3 {[%clk 0:06:21]}  Qa6 {[%clk 0:04:41]} 33. Bc4 {[%clk 0:06:21]}  Qb7 {[%clk 0:04:43]} 34. Bd3 {[%clk 0:06:17]}  b3 {[%clk 0:04:14]} 35. Rc3 {[%clk 0:06:17]}  Ra1 {[%clk 0:04:08]} 36. Bc4 {[%clk 0:06:14]}  Ba4 {[%clk 0:03:04]} 37. Rc1 {[%clk 0:06:10]}  Rxc1 {[%clk 0:03:00]} 38. Qxc1 {[%clk 0:06:11]}  Bb5 {[%clk 0:02:51]} 39. Qc3 {[%clk 0:05:56]}  Qa6 {[%clk 0:02:46]} 40. Bxb5 {[%clk 0:05:49]}  Qxb5 {[%clk 0:02:47]} 41. Qd2 {[%clk 0:05:50]}  Qc4 {[%clk 0:02:42]} 42. Bf2 {[%clk 0:05:42]}  Ngf4 {[%clk 0:02:13]} 43. Nxf4 {[%clk 0:04:23]}  Nxf4 {[%clk 0:02:14]} 44. Bxh4 {[%clk 0:04:24]}  Qc2 {[%clk 0:02:15]} 45. Be1 {[%clk 0:04:24]}  Nd3 {[%clk 0:02:09]} 46. Qa5 {[%clk 0:04:24]}  Kh7 {[%clk 0:01:50]} 47. Bg3 {[%clk 0:04:05]}  Qxb2 {[%clk 0:01:30]} 48. Qb6 {[%clk 0:03:47]}  Qc2 {[%clk 0:01:13]} 49. Qd8 {[%clk 0:03:40]}  Qc1 {[%clk 0:01:14]} 50. Qd7 {[%clk 0:02:42]}  b2 {[%clk 0:00:53]} 51. Qf5+ {[%clk 0:02:42]}  Kg8 {[%clk 0:00:54]} 52. h4 {[%clk 0:01:15]}  b1=Q {[%clk 0:00:49]} 53. Kh3 {[%clk 0:01:15]}  Nf4+ {[%clk 0:00:35]} 54. Kg4 {[%clk 0:01:16]}  Nxg2 {[%clk 0:00:31]} 55. Qd7 {[%clk 0:01:08]}  Ne3+ {[%clk 0:00:30]} 56. Kh5 {[%clk 0:01:08]}  Qb8 {[%clk 0:00:23]} 57. Bf4 {[%clk 0:01:01]}  exf4 {[%clk 0:00:21]} 58. e5 {[%clk 0:01:01]}  Qcb1 {[%clk 0:00:18]} 59. Kg5 {[%clk 0:00:39]}  Qg6+ {[%clk 0:00:16]} 60. Kxf4 {[%clk 0:00:39]}  Ng2# {[%clk 0:00:17]} 0-1


[Site "Internet"]

[Event "Chessable Masters - Torneo preliminare"]
[White "Vokhidov, Shamsiddin"]
[Black "Pantsulaia, Levan"]
[WhiteFideId "14204223"]
[BlackFideId "13602071"]
[WhiteElo "2514"]
[BlackElo "2533"]
[Result "1/2-1/2"]
[Round "1"]
[TimeControl "600+2"]
[Date "2023.03.13"]
[WhiteClock "0:00:36"]
[BlackClock "0:00:59"]

1. e4 {[%clk 0:10:01]}  c5 {[%clk 0:09:57]} 2. Nf3 {[%clk 0:10:01]}  e6 {[%clk 0:09:58]} 3. d4 {[%clk 0:10:02]}  cxd4 {[%clk 0:09:59]} 4. Nxd4 {[%clk 0:10:04]}  a6 {[%clk 0:10:00]} 5. c4 {[%clk 0:10:05]}  Nf6 {[%clk 0:10:00]} 6. Nc3 {[%clk 0:10:06]}  Qc7 {[%clk 0:10:01]} 7. a3 {[%clk 0:10:07]}  Nxe4 {[%clk 0:10:00]} 8. Nxe4 {[%clk 0:10:08]}  Qe5 {[%clk 0:10:02]} 9. Bd3 {[%clk 0:09:44]}  Qxd4 {[%clk 0:10:02]} 10. O-O {[%clk 0:09:44]}  f5 {[%clk 0:09:53]} 11. Be3 {[%clk 0:09:43]}  Qxb2 {[%clk 0:09:42]} 12. Rb1 {[%clk 0:09:43]}  Qxa3 {[%clk 0:08:50]} 13. Rb3 {[%clk 0:08:41]}  Qe7 {[%clk 0:08:48]} 14. Bc5 {[%clk 0:08:37]}  Qd8 {[%clk 0:07:19]} 15. Nd6+ {[%clk 0:08:36]}  Bxd6 {[%clk 0:07:20]} 16. Bxd6 {[%clk 0:08:38]}  Qf6 {[%clk 0:07:21]} 17. Re1 {[%clk 0:07:15]}  Nc6 {[%clk 0:07:11]} 18. c5 {[%clk 0:07:15]}  Ne7 {[%clk 0:06:15]} 19. Qh5+ {[%clk 0:06:26]}  Qf7 {[%clk 0:05:33]} 20. Qh4 {[%clk 0:06:04]}  Qf6 {[%clk 0:05:26]} 21. Qh5+ {[%clk 0:04:43]}  Qf7 {[%clk 0:05:27]} 22. Qg5 {[%clk 0:04:40]}  h6 {[%clk 0:05:25]} 23. Qh4 {[%clk 0:04:35]}  Qf6 {[%clk 0:04:59]} 24. Qh5+ {[%clk 0:04:22]}  Qg6 {[%clk 0:04:41]} 25. Qxg6+ {[%clk 0:04:12]}  Nxg6 {[%clk 0:04:43]} 26. Bxf5 {[%clk 0:04:14]}  Ne7 {[%clk 0:04:43]} 27. Be4 {[%clk 0:04:13]}  Rf8 {[%clk 0:04:08]} 28. h4 {[%clk 0:03:21]}  Rf7 {[%clk 0:03:28]} 29. Rd1 {[%clk 0:03:06]}  Nf5 {[%clk 0:03:25]} 30. Be5 {[%clk 0:02:35]}  Nxh4 {[%clk 0:03:10]} 31. g4 {[%clk 0:02:35]}  g5 {[%clk 0:02:54]} 32. Bg3 {[%clk 0:02:29]}  Kd8 {[%clk 0:02:25]} 33. Rb6 {[%clk 0:02:04]}  Re7 {[%clk 0:01:59]} 34. Be5 {[%clk 0:01:46]}  a5 {[%clk 0:01:59]} 35. Bf6 {[%clk 0:01:42]}  Ke8 {[%clk 0:02:00]} 36. Bxe7 {[%clk 0:01:42]}  Kxe7 {[%clk 0:02:02]} 37. Bxb7 {[%clk 0:01:41]}  Bxb7 {[%clk 0:01:47]} 38. Rxb7 {[%clk 0:01:42]}  Nf3+ {[%clk 0:01:47]} 39. Kg2 {[%clk 0:01:41]}  Ne5 {[%clk 0:01:49]} 40. c6 {[%clk 0:01:32]}  Nxc6 {[%clk 0:01:41]} 41. Rdxd7+ {[%clk 0:01:33]}  Kf6 {[%clk 0:01:42]} 42. Rh7 {[%clk 0:01:34]}  a4 {[%clk 0:01:36]} 43. Rxh6+ {[%clk 0:01:34]}  Ke5 {[%clk 0:01:36]} 44. Rb5+ {[%clk 0:01:29]}  Kd6 {[%clk 0:01:34]} 45. Rh1 {[%clk 0:01:27]}  a3 {[%clk 0:01:13]} 46. Rd1+ {[%clk 0:01:25]}  Ke7 {[%clk 0:01:06]} 47. Rc5 {[%clk 0:00:47]}  a2 {[%clk 0:00:57]} 48. Rxc6 {[%clk 0:00:33]}  a1=Q {[%clk 0:00:57]} 49. Rxa1 {[%clk 0:00:35]}  Rxa1 {[%clk 0:00:58]} 50. Rc5 {[%clk 0:00:36]}  Kf6 {[%clk 0:00:59]} 1/2-1/2


[Site "Internet"]

[Event "Chessable Masters - Torneo preliminare"]
[White "Raja, Rithvik R"]
[Black "Lenderman, Aleksandr"]
[WhiteFideId "35007394"]
[BlackFideId "2021285"]
[WhiteElo "2387"]
[BlackElo "2646"]
[Result "1/2-1/2"]
[Round "1"]
[TimeControl "600+2"]
[Date "2023.03.13"]
[WhiteClock "0:03:58"]
[BlackClock "0:03:33"]

1. d4 {[%clk 0:09:56]}  e6 {[%clk 0:09:55]} 2. c4 {[%clk 0:09:51]}  b6 {[%clk 0:09:55]} 3. e4 {[%clk 0:09:49]}  Bb4+ {[%clk 0:09:55]} 4. Bd2 {[%clk 0:09:49]}  Bxd2+ {[%clk 0:09:55]} 5. Qxd2 {[%clk 0:09:46]}  d5 {[%clk 0:09:56]} 6. cxd5 {[%clk 0:09:00]}  exd5 {[%clk 0:09:58]} 7. exd5 {[%clk 0:08:42]}  Ne7 {[%clk 0:09:55]} 8. Bb5+ {[%clk 0:08:38]}  Nd7 {[%clk 0:09:49]} 9. Nc3 {[%clk 0:08:34]}  O-O {[%clk 0:09:46]} 10. Nge2 {[%clk 0:08:28]}  Bb7 {[%clk 0:09:36]} 11. d6 {[%clk 0:08:18]}  cxd6 {[%clk 0:09:33]} 12. O-O {[%clk 0:08:19]}  Nf6 {[%clk 0:09:31]} 13. f3 {[%clk 0:08:06]}  a6 {[%clk 0:09:21]} 14. Bd3 {[%clk 0:08:04]}  Re8 {[%clk 0:09:10]} 15. Rac1 {[%clk 0:07:53]}  b5 {[%clk 0:09:03]} 16. Kh1 {[%clk 0:07:27]}  Rc8 {[%clk 0:08:46]} 17. Nf4 {[%clk 0:07:15]}  Ng6 {[%clk 0:08:45]} 18. Rfe1 {[%clk 0:07:10]}  Qb6 {[%clk 0:08:38]} 19. Bf5 {[%clk 0:07:03]}  Rcd8 {[%clk 0:08:27]} 20. h3 {[%clk 0:06:33]}  b4 {[%clk 0:08:09]} 21. Ne4 {[%clk 0:06:30]}  Nxe4 {[%clk 0:08:03]} 22. fxe4 {[%clk 0:06:03]}  Nxf4 {[%clk 0:07:34]} 23. Qxf4 {[%clk 0:06:05]}  Qxd4 {[%clk 0:07:34]} 24. Rc7 {[%clk 0:06:01]}  Bd5 {[%clk 0:07:24]} 25. Rf1 {[%clk 0:04:47]}  Bxa2 {[%clk 0:07:10]} 26. Rf3 {[%clk 0:04:17]}  Qe5 {[%clk 0:06:55]} 27. Qh4 {[%clk 0:04:11]}  g6 {[%clk 0:05:12]} 28. b3 {[%clk 0:04:13]}  Qa1+ {[%clk 0:03:37]} 29. Kh2 {[%clk 0:04:12]}  Qe5+ {[%clk 0:03:38]} 30. Kh1 {[%clk 0:04:00]}  Qa1+ {[%clk 0:03:32]} 31. Kh2 {[%clk 0:03:59]}  Qe5+ {[%clk 0:03:33]} 32. Kh1 {[%clk 0:03:58]} 1/2-1/2


[Site "Internet"]

[Event "Chessable Masters - Torneo preliminare"]
[White "Dreev, Aleksey"]
[Black "Makhnev, Denis"]
[WhiteFideId "4100107"]
[BlackFideId "13707647"]
[WhiteElo "2557"]
[BlackElo "2505"]
[Result "1/2-1/2"]
[Round "1"]
[TimeControl "600+2"]
[Date "2023.03.13"]
[WhiteClock "0:00:20"]
[BlackClock "0:00:11"]

1. d4 {[%clk 0:09:58]}  Nf6 {[%clk 0:10:00]} 2. c4 {[%clk 0:09:58]}  e6 {[%clk 0:10:01]} 3. Nc3 {[%clk 0:09:58]}  Bb4 {[%clk 0:10:02]} 4. Qc2 {[%clk 0:09:55]}  d5 {[%clk 0:10:02]} 5. a3 {[%clk 0:09:56]}  Bxc3+ {[%clk 0:09:43]} 6. Qxc3 {[%clk 0:09:58]}  dxc4 {[%clk 0:09:45]} 7. Qxc4 {[%clk 0:09:55]}  b6 {[%clk 0:09:42]} 8. Bg5 {[%clk 0:09:35]}  Ba6 {[%clk 0:09:35]} 9. Qa4+ {[%clk 0:09:32]}  Qd7 {[%clk 0:09:35]} 10. Qxd7+ {[%clk 0:09:32]}  Nbxd7 {[%clk 0:09:26]} 11. Nf3 {[%clk 0:09:10]}  c5 {[%clk 0:08:42]} 12. Bxf6 {[%clk 0:09:03]}  gxf6 {[%clk 0:08:40]} 13. e3 {[%clk 0:09:03]}  Bxf1 {[%clk 0:08:37]} 14. Rxf1 {[%clk 0:09:03]}  Ke7 {[%clk 0:08:34]} 15. Ke2 {[%clk 0:09:02]}  Rhc8 {[%clk 0:08:15]} 16. Rfc1 {[%clk 0:08:58]}  c4 {[%clk 0:07:34]} 17. Nd2 {[%clk 0:08:10]}  b5 {[%clk 0:07:34]} 18. b3 {[%clk 0:08:11]}  cxb3 {[%clk 0:05:07]} 19. Nxb3 {[%clk 0:08:11]}  f5 {[%clk 0:05:09]} 20. Na5 {[%clk 0:07:58]}  Nb6 {[%clk 0:04:49]} 21. f3 {[%clk 0:07:34]}  a6 {[%clk 0:04:13]} 22. Kd3 {[%clk 0:06:46]}  Kd7 {[%clk 0:03:25]} 23. e4 {[%clk 0:06:16]}  fxe4+ {[%clk 0:03:26]} 24. fxe4 {[%clk 0:06:17]}  Na4 {[%clk 0:03:28]} 25. e5 {[%clk 0:05:44]}  h5 {[%clk 0:03:23]} 26. Nb7 {[%clk 0:05:23]}  Nb2+ {[%clk 0:03:07]} 27. Ke4 {[%clk 0:05:16]}  Rg8 {[%clk 0:03:08]} 28. Kf3 {[%clk 0:04:29]}  Rg4 {[%clk 0:02:40]} 29. Nc5+ {[%clk 0:04:23]}  Ke7 {[%clk 0:02:37]} 30. Ne4 {[%clk 0:04:23]}  Nc4 {[%clk 0:02:38]} 31. a4 {[%clk 0:04:06]}  Rd8 {[%clk 0:01:54]} 32. h3 {[%clk 0:03:53]}  Rg6 {[%clk 0:00:53]} 33. axb5 {[%clk 0:02:40]}  axb5 {[%clk 0:00:55]} 34. Rd1 {[%clk 0:01:43]}  h4 {[%clk 0:00:56]} 35. Kf2 {[%clk 0:01:27]}  Kf8 {[%clk 0:00:10]} 36. Rab1 {[%clk 0:01:15]}  Ra8 {[%clk 0:00:09]} 37. Ra1 {[%clk 0:01:08]}  Rd8 {[%clk 0:00:10]} 38. Rab1 {[%clk 0:00:24]}  Ra8 {[%clk 0:00:10]} 39. Ra1 {[%clk 0:00:20]}  Rd8 {[%clk 0:00:11]} 1/2-1/2


[Site "Internet"]

[Event "Chessable Masters - Torneo preliminare"]
[White "Matinian, Nikita"]
[Black "Meier, Georg"]
[WhiteFideId "24129100"]
[BlackFideId "4675789"]
[WhiteElo "2326"]
[BlackElo "2624"]
[Result "1-0"]
[Round "1"]
[TimeControl "600+2"]
[Date "2023.03.13"]
[WhiteClock "0:01:42"]
[BlackClock "0:00:09"]

1. e4 {[%clk 0:10:00]}  e6 {[%clk 0:09:49]} 2. d4 {[%clk 0:10:01]}  d5 {[%clk 0:09:49]} 3. Nc3 {[%clk 0:10:02]}  dxe4 {[%clk 0:09:51]} 4. Nxe4 {[%clk 0:10:03]}  Nd7 {[%clk 0:09:53]} 5. Nf3 {[%clk 0:10:03]}  Ngf6 {[%clk 0:09:32]} 6. Nxf6+ {[%clk 0:10:04]}  Nxf6 {[%clk 0:09:27]} 7. Be3 {[%clk 0:09:29]}  Bd6 {[%clk 0:09:27]} 8. Bd3 {[%clk 0:09:06]}  O-O {[%clk 0:09:24]} 9. Qd2 {[%clk 0:09:07]}  b6 {[%clk 0:08:34]} 10. O-O-O {[%clk 0:09:05]}  Bb7 {[%clk 0:08:35]} 11. Ne5 {[%clk 0:09:06]}  Nd5 {[%clk 0:08:18]} 12. c4 {[%clk 0:08:44]}  Nxe3 {[%clk 0:08:09]} 13. Qxe3 {[%clk 0:08:45]}  c5 {[%clk 0:07:16]} 14. dxc5 {[%clk 0:08:42]}  bxc5 {[%clk 0:07:16]} 15. f4 {[%clk 0:08:16]}  h6 {[%clk 0:06:39]} 16. Rhg1 {[%clk 0:07:59]}  Qe7 {[%clk 0:05:22]} 17. g4 {[%clk 0:07:51]}  Bxe5 {[%clk 0:05:14]} 18. Qxe5 {[%clk 0:07:51]}  Rad8 {[%clk 0:05:11]} 19. g5 {[%clk 0:07:49]}  hxg5 {[%clk 0:05:11]} 20. Rxg5 {[%clk 0:07:22]}  f6 {[%clk 0:05:04]} 21. Qxc5 {[%clk 0:07:22]}  Rf7 {[%clk 0:04:00]} 22. Rh5 {[%clk 0:05:38]}  f5 {[%clk 0:03:20]} 23. Qxe7 {[%clk 0:05:09]}  Rxe7 {[%clk 0:03:22]} 24. Bc2 {[%clk 0:05:10]}  Rc8 {[%clk 0:03:11]} 25. Rd4 {[%clk 0:05:09]}  Kf7 {[%clk 0:03:08]} 26. Rh3 {[%clk 0:05:02]}  Kf6 {[%clk 0:03:08]} 27. b4 {[%clk 0:04:58]}  Bg2 {[%clk 0:02:52]} 28. Rg3 {[%clk 0:04:51]}  Bf1 {[%clk 0:02:53]} 29. c5 {[%clk 0:04:52]}  Rh8 {[%clk 0:02:47]} 30. Rd2 {[%clk 0:04:50]}  Rh4 {[%clk 0:02:42]} 31. Rf2 {[%clk 0:04:48]}  Bc4 {[%clk 0:02:38]} 32. Kb2 {[%clk 0:04:48]}  Bd5 {[%clk 0:02:34]} 33. a4 {[%clk 0:04:30]}  e5 {[%clk 0:02:19]} 34. fxe5+ {[%clk 0:04:31]}  Rxe5 {[%clk 0:02:21]} 35. b5 {[%clk 0:04:29]}  a6 {[%clk 0:01:01]} 36. bxa6 {[%clk 0:03:52]}  Rb4+ {[%clk 0:01:01]} 37. Ka3 {[%clk 0:03:28]}  Rc4 {[%clk 0:01:02]} 38. Rb3 {[%clk 0:02:37]}  Rxc5 {[%clk 0:00:50]} 39. Rb5 {[%clk 0:02:38]}  Rc7 {[%clk 0:00:07]} 40. Bxf5 {[%clk 0:02:30]}  Ke7 {[%clk 0:00:08]} 41. Rc2 {[%clk 0:01:51]}  Ra7 {[%clk 0:00:08]} 42. Bc8 {[%clk 0:01:51]}  Re3+ {[%clk 0:00:04]} 43. Kb4 {[%clk 0:01:53]}  Be4 {[%clk 0:00:05]} 44. Rcc5 {[%clk 0:01:45]}  Re1 {[%clk 0:00:04]} 45. Ka5 {[%clk 0:01:40]}  Bf3 {[%clk 0:00:03]} 46. Bb7 {[%clk 0:01:38]}  Re3 {[%clk 0:00:03]} 47. Re5+ {[%clk 0:01:38]}  Rxe5 {[%clk 0:00:04]} 48. Rxe5+ {[%clk 0:01:40]}  Kd6 {[%clk 0:00:05]} 49. Bxf3 {[%clk 0:01:37]}  Kxe5 {[%clk 0:00:06]} 50. Bb7 {[%clk 0:01:37]}  Kd6 {[%clk 0:00:06]} 51. Kb6 {[%clk 0:01:38]}  g5 {[%clk 0:00:07]} 52. Kxa7 {[%clk 0:01:40]}  Kc7 {[%clk 0:00:08]} 53. Bf3 {[%clk 0:01:41]}  g4 {[%clk 0:00:09]} 54. Bxg4 {[%clk 0:01:42]} 1-0


[Site "Internet"]

[Event "Chessable Masters - Torneo preliminare"]
[White "Bluebaum, Matthias"]
[Black "Sankalp, Gupta"]
[WhiteFideId "24651516"]
[BlackFideId "5097010"]
[WhiteElo "2601"]
[BlackElo "2427"]
[Result "1-0"]
[Round "1"]
[TimeControl "600+2"]
[Date "2023.03.13"]
[WhiteClock "0:07:47"]
[BlackClock "0:05:59"]

1. d4 {[%clk 0:10:01]}  Nf6 {[%clk 0:09:58]} 2. c4 {[%clk 0:10:03]}  e6 {[%clk 0:09:58]} 3. Nc3 {[%clk 0:10:04]}  Bb4 {[%clk 0:09:58]} 4. e3 {[%clk 0:10:05]}  O-O {[%clk 0:09:55]} 5. Bd2 {[%clk 0:10:07]}  d5 {[%clk 0:09:55]} 6. Nf3 {[%clk 0:10:08]}  b6 {[%clk 0:09:52]} 7. cxd5 {[%clk 0:10:07]}  exd5 {[%clk 0:09:52]} 8. Rc1 {[%clk 0:10:08]}  Bb7 {[%clk 0:09:16]} 9. Bd3 {[%clk 0:10:09]}  Re8 {[%clk 0:08:30]} 10. Ne5 {[%clk 0:10:06]}  c5 {[%clk 0:08:26]} 11. a3 {[%clk 0:10:03]}  cxd4 {[%clk 0:08:09]} 12. exd4 {[%clk 0:10:01]}  Bd6 {[%clk 0:08:07]} 13. O-O {[%clk 0:09:47]}  Bxe5 {[%clk 0:07:45]} 14. dxe5 {[%clk 0:09:46]}  Rxe5 {[%clk 0:07:47]} 15. Bf4 {[%clk 0:09:23]}  Re7 {[%clk 0:07:12]} 16. Nb5 {[%clk 0:09:05]}  Na6 {[%clk 0:07:13]} 17. b4 {[%clk 0:08:37]}  d4 {[%clk 0:07:12]} 18. Nd6 {[%clk 0:08:03]}  Qd7 {[%clk 0:05:59]} 19. Bb5 {[%clk 0:07:47]} 1-0


[Site "Internet"]

[Event "Chessable Masters - Torneo preliminare"]
[White "Steinberg, Nitzan"]
[Black "Mareco, Sandro"]
[WhiteFideId "2801795"]
[BlackFideId "112275"]
[WhiteElo "2500"]
[BlackElo "2541"]
[Result "1/2-1/2"]
[Round "1"]
[TimeControl "600+2"]
[Date "2023.03.13"]
[WhiteClock "0:00:35"]
[BlackClock "0:01:02"]

1. e4 {[%clk 0:10:00]}  e5 {[%clk 0:10:00]} 2. Nf3 {[%clk 0:10:01]}  Nc6 {[%clk 0:10:00]} 3. Bb5 {[%clk 0:10:02]}  a6 {[%clk 0:10:01]} 4. Ba4 {[%clk 0:10:03]}  Nge7 {[%clk 0:10:02]} 5. d4 {[%clk 0:09:53]}  exd4 {[%clk 0:09:58]} 6. Nxd4 {[%clk 0:09:52]}  Nxd4 {[%clk 0:09:57]} 7. Qxd4 {[%clk 0:09:53]}  Nc6 {[%clk 0:09:58]} 8. Qd1 {[%clk 0:09:43]}  Bc5 {[%clk 0:09:55]} 9. O-O {[%clk 0:09:41]}  O-O {[%clk 0:09:54]} 10. Nc3 {[%clk 0:09:38]}  d6 {[%clk 0:09:46]} 11. Bf4 {[%clk 0:09:25]}  b5 {[%clk 0:09:11]} 12. Bb3 {[%clk 0:09:26]}  Na5 {[%clk 0:09:12]} 13. Qd3 {[%clk 0:09:02]}  Bb7 {[%clk 0:08:58]} 14. Bd5 {[%clk 0:08:58]}  c6 {[%clk 0:08:49]} 15. Bb3 {[%clk 0:08:59]}  Qe7 {[%clk 0:08:46]} 16. Rad1 {[%clk 0:08:55]}  Rad8 {[%clk 0:08:44]} 17. Rfe1 {[%clk 0:08:56]}  Nxb3 {[%clk 0:08:36]} 18. axb3 {[%clk 0:08:56]}  f6 {[%clk 0:08:24]} 19. Qg3 {[%clk 0:08:46]}  Rd7 {[%clk 0:08:18]} 20. h4 {[%clk 0:08:43]}  Rfd8 {[%clk 0:07:56]} 21. Re2 {[%clk 0:08:25]}  Qf7 {[%clk 0:07:41]} 22. Red2 {[%clk 0:08:19]}  d5 {[%clk 0:07:42]} 23. e5 {[%clk 0:07:58]}  fxe5 {[%clk 0:07:37]} 24. Bxe5 {[%clk 0:07:58]}  Bf8 {[%clk 0:07:34]} 25. Rd4 {[%clk 0:07:01]}  c5 {[%clk 0:07:17]} 26. Rg4 {[%clk 0:06:18]}  d4 {[%clk 0:06:14]} 27. Ne4 {[%clk 0:06:11]}  Bxe4 {[%clk 0:06:14]} 28. Rxe4 {[%clk 0:06:11]}  d3 {[%clk 0:06:15]} 29. Rxd3 {[%clk 0:05:20]}  Rxd3 {[%clk 0:06:14]} 30. cxd3 {[%clk 0:05:22]}  Qxb3 {[%clk 0:06:13]} 31. Re3 {[%clk 0:04:30]}  Rd7 {[%clk 0:05:40]} 32. Qg4 {[%clk 0:03:57]}  Rf7 {[%clk 0:05:27]} 33. h5 {[%clk 0:03:50]}  h6 {[%clk 0:04:58]} 34. Rg3 {[%clk 0:02:53]}  Qc2 {[%clk 0:04:45]} 35. f4 {[%clk 0:02:52]}  c4 {[%clk 0:03:55]} 36. dxc4 {[%clk 0:02:53]}  bxc4 {[%clk 0:03:56]} 37. Kh2 {[%clk 0:02:48]}  Qf5 {[%clk 0:03:47]} 38. Kh3 {[%clk 0:02:33]}  Qb1 {[%clk 0:03:44]} 39. Kh2 {[%clk 0:02:28]}  Qf5 {[%clk 0:03:28]} 40. Qg6 {[%clk 0:02:29]}  Qc8 {[%clk 0:02:48]} 41. Qxh6 {[%clk 0:02:24]}  Qd8 {[%clk 0:02:10]} 42. Qg6 {[%clk 0:01:57]}  Rxf4 {[%clk 0:01:46]} 43. Qe6+ {[%clk 0:00:59]}  Rf7 {[%clk 0:01:43]} 44. h6 {[%clk 0:00:58]}  Qh4+ {[%clk 0:01:22]} 45. Rh3 {[%clk 0:00:56]}  Qe7 {[%clk 0:01:23]} 46. hxg7 {[%clk 0:00:37]}  Bxg7 {[%clk 0:01:21]} 47. Qc8+ {[%clk 0:00:36]}  Qf8 {[%clk 0:01:02]} 48. Qxf8+ {[%clk 0:00:35]}  Kxf8 {[%clk 0:01:02]} 49. Bxg7+ {[%clk 0:00:35]}  Kxg7 {[%clk 0:01:02]} 1/2-1/2


[Site "Internet"]